000 01693nam a2200253Ii 4500
008 221202s xx 000 0 und d
100 1 _aMichalcyzk, John J,
_eauthor
245 0 _aFilming The End of the Holocaust
246 _aAllied Documentaries, Nuremberg and the Liberation of the Concentration Camps
264 1 _aLondon, England
_bBloomsbury Academic
_c2016
300 _a1 online resource
336 _atext
_btxt
_2rdacontent
337 _acomputer
_bc
_2rdamedia
338 _aonline resource
_bcr
_2rdacarrier
490 _aWar, Culture and Society
520 _aFilming the End of the Holocaust considers how the US Government commissioned the US Signal Corps and other filmmakers to document the horrors of the concentration camps during the April-May 1945 liberation. The evidence of the Nazis' genocidal actions amassed in these films, some of them made by Hollywood luminaries such as John Ford and Billy Wilder, would go on to have a major impact at the Nuremberg Trials; they helped to indict Nazi officials as the judges witnessed scenes of torture, human experimentation and extermination of Jews and non-Jews in the gas chambers and crematoria. These films, some produced by the Soviets, were integral to the war crime trials that followed the Holocaust and the Second World War, and this book provides a thorough, close analysis of the footage in these films and their historical significance.
653 _aGermany
653 _aHistory
653 _aHistory
653 _aNazism
653 _aNuremberg Trials
856 _uhttps://library.oapen.org/bitstream/20.500.12657/29701/1/1000244.pdfhttp://library.oapen.org/handle/20.500.12657/29701
942 _cE-BOOK
999 _c62551
_d62551